| 000 | 00533nam a2200205Ia 4500 | ||
|---|---|---|---|
| 003 | OSt | ||
| 005 | 20240704105122.0 | ||
| 008 | 210210b1958 xxu||||| |||| 00| 0 eng d | ||
| 040 | _cAL | ||
| 041 | _aKannada | ||
| 082 | _a859/1332 | ||
| 100 |
_aMACHADO (L) _dಮಚಾದೊ (ಎಲ್) _9172572 |
||
| 245 |
_aBannada katti _bಬಣ್ಣದ ಕತ್ತಿ |
||
| 260 |
_aKarkaLa _b- _c1958 |
||
| 650 |
_akatti _9172573 |
||
| 650 |
_aBaNNada _9172574 |
||
| 690 |
_aKannada Fiction _9172575 |
||
| 906 | _a022070 | ||
| 942 |
_2ddc _cBK |
||
| 999 |
_c146176 _d146176 |
||